| 000 | 01156nam a2200313 i 4500 | ||
|---|---|---|---|
| 001 | 017945941 | ||
| 003 | EG-ScBUE | ||
| 005 | 20230409104208.0 | ||
| 008 | 160715s2016 enka f b 000 0beng d | ||
| 020 | _a9781911155010 (paperback) | ||
| 040 |
_aStDuBDS _beng _erda _cStDuBDS _dUk _dEG-ScBUE |
||
| 082 | 0 | 4 |
_a709.2 _222 _bDAN |
| 245 | 0 | 0 |
_aDan Flavin : _b'It is what it is and it ain't nothing else' / _ctext by Jeffrey Weiss. |
| 264 | 1 |
_aBirmingham : _bIkon Gallery, _c[2016] |
|
| 300 |
_a39 pages : _billustrations (colour) ; _c29 cm |
||
| 336 |
_atext _2rdacontent _btxt |
||
| 336 |
_astill image _2rdacontent _btxt |
||
| 337 |
_aunmediated _2rdamedia _bn |
||
| 338 |
_avolume _2rdacarrier _bnc |
||
| 500 | _aPublished to accompany the exhibition of the same name held at Ikon Gallery, 13th April-26th June 2016. | ||
| 504 | _aIncludes bibliographical references. | ||
| 600 | 1 | 7 |
_aFlavin, Dan, _d1933-1996 _vExhibitions. _2BUEsh |
| 650 | 7 |
_aLight art _vExhibitions. _2BUEsh |
|
| 653 |
_bART _cApril2023 |
||
| 655 | _vReading book | ||
| 700 | 1 | 2 |
_aFlavin, Dan, _d1933-1996. _tWorks. _kSelections. |
| 700 | 1 |
_aWeiss, Jeffrey S., _eauthor. |
|
| 942 |
_2ddc _cBB |
||
| 999 |
_c30297 _d30268 |
||